| 000 | 00500nam a2200133Ia 4500 | ||
|---|---|---|---|
| 008 | 170221s9999 xx 000 0 und d | ||
| 100 | _aEdward W. Hatch | ||
| 245 | _aDivine Empowerment of Leaders: An Intertextual Analysis of Luke's use of Joel 2, Psalm 16 and Psalm 110 in Peter's Sermon in Acts 4 | ||
| 245 | _cEdward W. Hatch | ||
| 260 | _c2012 | ||
| 300 | _a32 : 15 | ||
| 650 | _xBusiness | ||
| 856 | _uhttp://www.regent.edu/acad/global/publications/elj/vol5iss1/ELJ_Vol5No1_Hatch_pp102-116.pdf | ||
| 999 |
_c311353 _d311353 |
||